[Event "Hastings Weekend op-B"]
[Site "Hastings"]
[Date "2024.01.07"]
[Round "5"]
[White "Gosling, Marcus"]
[Black "Faulkner, Martin J"]
[Result "0-1"]
[WhiteElo "1851"]
[BlackElo "1684"]
[PlyCount "132"]
[EventDate "2024.01.06"]
[EventType "swiss"]
[EventRounds "5"]
[EventCountry "ENG"]
[SourceTitle "CB02_2024"]
[SourceDate "2024.01.10"]
[SourceVersion "1"]
[SourceVersionDate "2024.01.10"]
[SourceQuality "1"]

1. Nf3 Nf6 2. b3 g6 3. Bb2 Bg7 4. e3 d6 5. d4 0-0 6. c4 Nbd7 7. Be2 Ne4 8. 0-0 c6 9. Nc3 Nxc3 10. Bxc3 Nf6 11. Bd3 d5 12. Qc2 Be6 13. Rab1 Qc7 14. h3 Rfd8 15. Ng5 Bd7 16. Nf3 Rac8 17. Bb4 Be8 18. Rfc1 e6 19. Ne5 dxc4 20. bxc4 b6 21. Bc3 c5 22. Be2 Nd7 23. Nf3 cxd4 24. exd4 Nb8 25. Qb2 Bh6 26. Bd2 Bxd2 27. Qxd2 Qe7 28. Qe3 Qf6 29. Rd1 Bc6 30. Ne5 Ba4 31. Rd2 Nc6 32. Nxc6 Bxc6 33. Rb3 Qf5 34. Bd3 Qa5 35. Bf1 Qf5 36. Qd3 Be4 37. Qe3 Ba8 38. Rb5 Qf6 39. Re5 Bb7 40. Rd1 Ba6 41. d5 Bxc4 42. Bxc4 Rxc4 43. Qe2 Rc5 44. Qe4 Rd6 45. f4 exd5 46. Rexd5 Rcxd5 47. Rxd5 Rxd5 48. Qxd5 Qe7 49. f5 Qc5+ 50. Qxc5 bxc5 51. Kf2 Kf8 52. fxg6 fxg6 53. g3 Ke7 54. h4 Kd6 55. Ke3 Kd5 56. Kd3 h5 57. Ke3 c4 58. Kd2 Kd4 59. Kc2 c3 60. a3 a6 61. Kc1 Kd3 62. a4 a5 63. Kd1 c2+ 64. Kc1 Kc3 65. g4 hxg4 66. h5 g3 0-1

[Event "Hastings Weekend op-B"]
[Site "Hastings"]
[Date "2024.01.06"]
[Round "2"]
[White "Faulkner, Martin J"]
[Black "Staniland, Philip"]
[Result "1-0"]
[WhiteElo "1684"]
[BlackElo "1757"]
[PlyCount "93"]
[EventDate "2024.01.06"]
[EventType "swiss"]
[EventRounds "5"]
[EventCountry "ENG"]
[SourceTitle "CB02_2024"]
[SourceDate "2024.01.10"]
[SourceVersion "1"]
[SourceVersionDate "2024.01.10"]
[SourceQuality "1"]

1. c4 e5 2. g3 Nf6 3. Bg2 c6 4. d4 e4 5. Nc3 Bb4 6. Bd2 Bxc3 7. Bxc3 d5 8. cxd5 cxd5 9. Qd2 0-0 10. Nh3 Nh5 11. 0-0 Nc6 12. Rac1 f5 13. f3 Bd7 14. fxe4 fxe4 15. Rxf8+ Qxf8 16. Rf1 Qe7 17. e3 Rf8 18. Nf4 Nxf4 19. Rxf4 g5 20. Rxf8+ Qxf8 21. Qe2 g4 22. Qb5 Be6 23. Qxb7 Qh6 24. Kf2 Qf6+ 25. Ke2 Ne7 26. Qb8+ Bc8 27. Qxa7 Ba6+ 28. Ke1 Qh6 29. Qb8+ Bc8 30. Qf4 Qxh2 31. Kf2 Qh5 32. Qf6 Qe8 33. Qg5+ Kh8 34. Qe5+ Kg8 35. Bb4 Qf7+ 36. Qf4 Nf5 37. Bc5 Qb7 38. b4 Qa6 39. Qxg4+ Kf7 40. Qh5+ Kg7 41. Qe2 Qh6 42. Qg4+ Kf7 43. Qf4 Qa6 44. Qc7+ Kg8 45. a4 Qe6 46. Qf4 Nh6 47. Qf8# 1-0

[Event "Hastings Weekend op-B"]
[Site "Hastings"]
[Date "2024.01.06"]
[Round "1"]
[White "Lawrence Cade, Jack"]
[Black "Faulkner, Martin J"]
[Result "0-1"]
[WhiteElo "1649"]
[BlackElo "1684"]
[PlyCount "52"]
[EventDate "2024.01.06"]
[EventType "swiss"]
[EventRounds "5"]
[EventCountry "ENG"]
[SourceTitle "CB02_2024"]
[SourceDate "2024.01.10"]
[SourceVersion "1"]
[SourceVersionDate "2024.01.10"]
[SourceQuality "1"]

1. Nf3 Nf6 2. g3 b5 3. Bg2 Bb7 4. 0-0 e6 5. d4 Be7 6. a4 b4 7. c4 0-0 8. Nbd2 a5 9. Re1 Ne4 10. Qc2 Nxd2 11. Bxd2 f5 12. d5 Bf6 13. dxe6 dxe6 14. Bf4 Be4 15. Qb3 Qe7 16. Be5 Nc6 17. Bxf6 Qxf6 18. e3 Rad8 19. Rad1 g5 20. Kf1 g4 21. Nd2 Bxg2+ 22. Kxg2 Ne5 23. Nf1 Nf3 24. Re2 Qh6 25. c5 Rd5 26. Rxd5 Qh3+ 0-1

[Event "Berkshire Berks & Bucks op-A"]
[Site "Berkshire"]
[Date "2023.08.28"]
[Round "6"]
[White "Faulkner, Martin J"]
[Black "Terler, Bohdan"]
[Result "0-1"]
[WhiteElo "1801"]
[BlackElo "1641"]
[PlyCount "82"]
[EventDate "2023.08.26"]
[EventType "swiss"]
[EventRounds "6"]
[EventCountry "ENG"]
[SourceTitle "EXT 2024"]
[Source "ChessBase"]
[SourceDate "2023.10.10"]
[SourceVersion "1"]
[SourceVersionDate "2023.10.10"]
[SourceQuality "1"]

1. c4 e6 2. Nc3 d5 3. d4 Nf6 4. cxd5 exd5 5. Bg5 c6 6. e3 h6 7. Bh4 Be7 8. Bd3 0-0 9. Nge2 Re8 10. 0-0 Nbd7 11. Rc1 a6 12. f3 b5 13. Bf2 a5 14. e4 b4 15. Na4 dxe4 16. fxe4 Ba6 17. Bxa6 Rxa6 18. Qd3 Ra8 19. Qf3 Rc8 20. Ng3 Bf8 21. Kh1 Nb6 22. Nc5 Nbd7 23. Nd3 c5 24. dxc5 Ne5 25. Nxe5 Rxe5 26. Rcd1 Qe8 27. Bd4 Re6 28. e5 Nd7 29. Nf5 Nxe5 30. Bxe5 Rxe5 31. Nd6 Bxd6 32. cxd6 Rd8 33. Qb7 Qd7 34. Qc7 Re6 35. Qxa5 Rxd6 36. Rde1 Qb7 37. Qe5 Rd2 38. Re2 Qa6 39. Rfe1 Rxe2 40. Rxe2 Rd1+ 41. Re1 Qf1+ 0-1

[Event "Hastings Weekend op"]
[Site "Hastings"]
[Date "2023.01.07"]
[Round "1"]
[White "Faulkner, Martin J"]
[Black "Hutchinson, Paul A"]
[Result "1-0"]
[WhiteElo "1788"]
[BlackElo "2135"]
[PlyCount "141"]
[EventDate "2023.01.07"]
[EventType "swiss"]
[EventRounds "5"]
[EventCountry "ENG"]
[SourceTitle "CBM 212 Extra"]
[Source "ChessBase"]
[SourceDate "2023.03.31"]
[SourceVersion "1"]
[SourceVersionDate "2023.03.31"]
[SourceQuality "1"]

1. c4 e6 2. Nc3 d5 3. d4 Nf6 4. cxd5 exd5 5. Bg5 Be7 6. e3 c6 7. Bd3 0-0 8. Nge2 h6 9. Bf4 Nbd7 10. 0-0 Nh5 11. Bg3 g6 12. Qc2 Kg7 13. Rad1 f5 14. Nf4 Ndf6 15. Nxh5+ Nxh5 16. Be5+ Kh7 17. Ne2 Bd6 18. f3 Qe7 19. Bxd6 Qxd6 20. e4 Ng7 21. e5 Qc7 22. b4 Bd7 23. Nf4 Rac8 24. Rfe1 g5 25. Ne2 Kh8 26. Qd2 f4 27. h4 Bf5 28. hxg5 hxg5 29. g4 fxg3 30. Qxg5 Bxd3 31. Rxd3 Nf5 32. Kg2 Qg7 33. Qxg7+ Kxg7 34. Nxg3 Nh4+ 35. Kf2 Kh6 36. Rh1 Kg5 37. Rg1 Kh6 38. Re3 Rce8 39. Rh1 Kg5 40. Ke2 Rf4 41. Rd3 Ref8 42. Rf1 Ng6 43. Rh1 Rh4 44. Rxh4 Kxh4 45. Kf2 Nf4 46. Re3 Nh3+ 47. Kg2 Rg8 48. f4 Nxf4+ 49. Kf2 Nh3+ 50. Kg2 Rg6 51. Rf3 Kg4 52. Ne2 Ng5 53. Rf4+ Kh5 54. Ng3+ Kh6 55. Nf5+ Kh7 56. Rh4+ Kg8 57. Ne7+ Kf7 58. Nxg6 Kxg6 59. Rf4 Ne4 60. Kf3 Ng5+ 61. Ke3 Kg7 62. Rg4 Kh6 63. Kf4 Ne4 64. Kf5 Nc3 65. e6 Nb5 66. e7 Nc7 67. Rg8 Kh7 68. Rc8 Nb5 69. Kf6 Nd6 70. e8Q Nxe8+ 71. Rxe8 1-0

[Event "Hastings Weekend op"]
[Site "Hastings"]
[Date "2023.01.07"]
[Round "2"]
[White "Verma, Shlok"]
[Black "Faulkner, Martin J"]
[Result "1-0"]
[WhiteElo "2142"]
[BlackElo "1788"]
[PlyCount "63"]
[EventDate "2023.01.07"]
[EventType "swiss"]
[EventRounds "5"]
[EventCountry "ENG"]
[SourceTitle "CBM 212 Extra"]
[Source "ChessBase"]
[SourceDate "2023.03.31"]
[SourceVersion "1"]
[SourceVersionDate "2023.03.31"]
[SourceQuality "1"]

1. d4 Nf6 2. c4 e6 3. Nf3 d5 4. e3 dxc4 5. Bxc4 a6 6. 0-0 b5 7. Bd3 Bb7 8. Qe2 c5 9. b3 Nbd7 10. Bb2 Be7 11. Rd1 Qb8 12. Nbd2 0-0 13. a4 b4 14. Nc4 Nd5 15. Rac1 cxd4 16. Bxd4 Bf6 17. Bb1 g6 18. e4 Nf4 19. Qe3 Bxd4 20. Rxd4 Nf6 21. Nd6 e5 22. Nxe5 Ne6 23. Rdd1 a5 24. Qf3 Kg7 25. Ndxf7 Ng5 26. Nxg5 Qxe5 27. Qg3 Qxg3 28. hxg3 Kg8 29. Bd3 Ba6 30. Ne6 Rfc8 31. Nc7 Bxd3 32. Nxa8 1-0

[Event "London Central op-A"]
[Site "London"]
[Date "2022.04.22"]
[Round "1"]
[White "Faulkner, Martin J"]
[Black "Tozer, Philip AA"]
[Result "1-0"]
[WhiteElo "1811"]
[BlackElo "2102"]
[PlyCount "117"]
[EventDate "2022.04.22"]
[EventType "swiss"]
[EventRounds "5"]
[EventCountry "ENG"]
[SourceTitle "EXT 2024"]
[Source "ChessBase"]
[SourceDate "2023.10.10"]
[SourceVersion "1"]
[SourceVersionDate "2023.10.10"]
[SourceQuality "1"]

1. c4 Nf6 2. Nc3 c5 3. Nf3 b6 4. g3 Bb7 5. Bg2 e6 6. 0-0 Be7 7. d4 cxd4 8. Nb5 0-0 9. Nbxd4 d6 10. b3 a6 11. Bb2 Nbd7 12. Nd2 Bxg2 13. Kxg2 Qc7 14. Kg1 Qb7 15. Rc1 Rac8 16. a3 b5 17. b4 Rfd8 18. Qb3 Ne5 19. cxb5 axb5 20. N4f3 Nxf3+ 21. Nxf3 d5 22. Rfd1 Ne4 23. Ne5 Nd6 24. Qf3 f6 25. Nd3 Nc4 26. Ba1 e5 27. Nb2 Qd7 28. Qb3 Ra8 29. Nxc4 bxc4 30. Qf3 Rac8 31. e3 Qb5 32. Qe2 Rc6 33. Qf3 Rcd6 34. Qe2 Rc8 35. Qg4 Ra8 36. Bb2 Qa4 37. Rxd5 Qb3 38. Rxd6 Bxd6 39. Qxc4+ Qxc4 40. Rxc4 Kf7 41. Kf1 Ke6 42. Ke2 f5 43. f4 exf4 44. exf4 g6 45. Kd3 Kd5 46. Rc2 Re8 47. Rd2 Re4 48. Kc3+ Kc6 49. Kb3 Bc7 50. a4 Bb6 51. b5+ Kb7 52. Rc2 Re3+ 53. Kc4 Re4+ 54. Kb3 Re3+ 55. Bc3 Ba5 56. Kb2 Bb6 57. a5 Bc5 58. Be5 Ba3+ 59. Ka2 1-0

[Event "Newcastle Northumbria Masters"]
[Site "Newcastle on Tyne"]
[Date "2021.08.28"]
[Round "4"]
[White "Guthrie, David"]
[Black "Faulkner, Martin J"]
[Result "1/2-1/2"]
[WhiteElo "2165"]
[BlackElo "1874"]
[PlyCount "53"]
[EventDate "2021.08.26"]
[EventType "swiss"]
[EventRounds "9"]
[EventCountry "ENG"]
[SourceTitle "CBM 204 Extra"]
[Source "ChessBase"]
[SourceDate "2021.11.30"]
[SourceVersion "1"]
[SourceVersionDate "2021.11.30"]
[SourceQuality "1"]

1. d4 Nf6 2. c4 e6 3. Nf3 d5 4. Nc3 Bb4 5. cxd5 exd5 6. Bg5 0-0 7. Qc2 Nbd7 8. e3 h6 9. Bh4 c5 10. Be2 cxd4 11. Nxd4 Qa5 12. 0-0 Bxc3 13. bxc3 a6 14. Rfd1 Re8 15. Nb3 Qa4 16. Rd4 Qc6 17. c4 b5 18. c5 Ne4 19. Rad1 Ndf6 20. Bxf6 Nxf6 21. Bf3 Be6 22. Rc1 Nd7 23. e4 Ne5 24. Be2 Nc4 25. Bf3 Ne5 26. Be2 Nc4 27. Bf3 1/2-1/2

[Event "Witney op 6th"]
[Site "Witney"]
[Date "2018.11.03"]
[Round "2"]
[White "Moyse, Nigel John"]
[Black "Faulkner, Martin J"]
[Result "0-1"]
[WhiteElo "2059"]
[BlackElo "1876"]
[PlyCount "110"]
[EventDate "2018.11.03"]
[EventType "swiss"]
[EventRounds "5"]
[EventCountry "ENG"]
[SourceTitle "CBM 187 Extra"]
[Source "ChessBase"]
[SourceDate "2018.11.04"]
[SourceVersion "1"]
[SourceVersionDate "2018.11.04"]
[SourceQuality "1"]

1. d4 Nf6 2. c4 e6 3. Nf3 d5 4. Nc3 dxc4 5. e3 a6 6. Bxc4 b5 7. Bd3 Bb7 8. 0-0 c5 9. dxc5 Bxc5 10. Qe2 Nbd7 11. Rd1 0-0 12. Ng5 Qe7 13. Nce4 Nxe4 14. Bxe4 Nf6 15. Bxb7 Qxb7 16. b3 h6 17. Nf3 Ne4 18. Bb2 Rac8 19. Ne5 Rc7 20. Nd3 Be7 21. Rac1 Rfc8 22. Rxc7 Rxc7 23. h3 Nc3 24. Bxc3 Rxc3 25. Ne5 Qc7 26. Qh5 Bg5 27. f4 Rxe3 28. Nxf7 Qxf7 29. Qxf7+ Kxf7 30. fxg5 Re2 31. gxh6 gxh6 32. Rf1+ Ke7 33. Rf2 Re5 34. Kf1 h5 35. g3 Kd6 36. Re2 Rf5+ 37. Kg2 Kd5 38. g4 hxg4 39. hxg4 Rf4 40. Kg3 e5 41. Kh4 Kd4 42. Kh5 e4 43. g5 Kd3 44. Rg2 e3 45. g6 e2 46. Rg3+ Kd2 47. Rg2 Kd1 48. Rxe2 Kxe2 49. g7 Rf1 50. Kg6 Rg1+ 51. Kf7 Kd3 52. g8Q Rxg8 53. Kxg8 Kc3 54. Kf7 b4 55. Ke6 Kb2 0-1

[Event "Basingstoke 4NCL Spring Bank op-B 1st"]
[Site "Basingstoke"]
[Date "2018.05.26"]
[Round "2"]
[White "Faulkner, Martin J"]
[Black "Gregory, Keith D"]
[Result "0-1"]
[WhiteElo "1798"]
[BlackElo "1975"]
[PlyCount "142"]
[EventDate "2018.05.25"]
[EventType "swiss"]
[EventRounds "7"]
[EventCountry "ENG"]
[SourceTitle "CBM 184 Extra"]
[Source "ChessBase"]
[SourceDate "2018.06.28"]
[SourceVersion "1"]
[SourceVersionDate "2018.06.28"]
[SourceQuality "1"]

1. c4 d6 2. Nc3 e5 3. Nf3 Nc6 4. d4 Be7 5. e3 Nf6 6. d5 Nb8 7. Qc2 0-0 8. Be2 a5 9. a3 Bd7 10. b3 c6 11. dxc6 Bxc6 12. 0-0 Nbd7 13. Rd1 Qb8 14. Bb2 Rc8 15. Qf5 Nc5 16. b4 axb4 17. axb4 Rxa1 18. Rxa1 Nce4 19. Nxe4 Bxe4 20. Qh3 b6 21. Ra6 Re8 22. Ng5 Bg6 23. Nf3 Qb7 24. Ra1 Bf8 25. Ne1 h6 26. Nd3 Rc8 27. Nc1 Ne4 28. Qf3 Qc7 29. Nb3 Ng5 30. Qd5 Be4 31. Qd1 Bb7 32. f3 Ne6 33. Nc1 Rd8 34. e4 Be7 35. Na2 Bg5 36. Nc3 Nd4 37. Nd5 Bxd5 38. cxd5 Be3+ 39. Kh1 Qc2 40. Bxd4 Qxd1+ 41. Rxd1 Bxd4 42. f4 Ra8 43. fxe5 Bxe5 44. Kg1 Ra2 45. Bd3 Rb2 46. Rb1 Rd2 47. Ba6 g6 48. b5 Bd4+ 49. Kh1 Re2 50. h3 Be5 51. Rc1 Bg3 52. Kg1 Rxe4 53. Bb7 Kg7 54. Bc6 f5 55. Ra1 Kf6 56. Kf1 g5 57. Bd7 h5 58. Kg1 g4 59. hxg4 hxg4 60. Rf1 Re5 61. Be6 Kg5 62. Rd1 f4 63. Rf1 Be1 64. Bg8 g3 65. Be6 Bf2+ 66. Kh1 Kf6 67. Rd1 Rh5+ 68. Bh3 f3 69. Rd3 Rxh3+ 70. gxh3 g2+ 71. Kh2 g1Q# 0-1

[Event "GBR-ch Atkins op 104th"]
[Site "Llandudno"]
[Date "2017.07.28"]
[Round "1"]
[White "Villiers, Thomas"]
[Black "Faulkner, Martin J"]
[Result "1/2-1/2"]
[WhiteElo "2122"]
[BlackElo "1887"]
[PlyCount "92"]
[EventDate "2017.07.28"]
[EventType "swiss"]
[EventRounds "5"]
[EventCountry "WLS"]
[SourceTitle "EXT 2019"]
[Source "ChessBase"]
[SourceDate "2018.10.10"]
[SourceVersion "1"]
[SourceVersionDate "2018.10.10"]
[SourceQuality "1"]

1. d4 Nf6 2. c4 e6 3. Nf3 d5 4. e3 a6 5. Nc3 dxc4 6. Bxc4 b5 7. Bd3 c5 8. 0-0 Nbd7 9. Qe2 Be7 10. Rd1 Bb7 11. dxc5 Bxc5 12. a3 0-0 13. b4 Be7 14. Bb2 Qb8 15. Rac1 Nb6 16. Ng5 h6 17. Nge4 Nbd7 18. Bb1 Rc8 19. Rd2 Ne5 20. Nxf6+ Bxf6 21. Ne4 Rxc1+ 22. Bxc1 Be7 23. Qh5 Bc6 24. Nc5 Nc4 25. Rd4 Qe5 26. Qxe5 Nxe5 27. Ba2 a5 28. f4 Ng4 29. h3 Nf6 30. Nd3 Bd5 31. Bxd5 Nxd5 32. e4 Bf6 33. e5 Bd8 34. Bd2 Bb6 35. Nc5 axb4 36. axb4 Rc8 37. Kh2 Bxc5 38. bxc5 Rxc5 39. Kg3 Rc4 40. Rd3 Rc2 41. Be3 b4 42. Kf3 Rc3 43. Ke2 Rc2+ 44. Rd2 Rc3 45. Rd3 Rc2+ 46. Rd2 Rc3 1/2-1/2

[Event "Crawley e2e4 Gatwick Challenger op 10"]
[Site "Crawley"]
[Date "2016.10.29"]
[Round "7"]
[White "Faulkner, Martin J"]
[Black "Rowan, Daniel"]
[Result "1-0"]
[WhiteElo "1836"]
[BlackElo "1818"]
[PlyCount "47"]
[EventDate "2016.10.26"]
[EventType "swiss"]
[EventRounds "9"]
[EventCountry "ENG"]
[SourceTitle "EXT 2019"]
[Source "ChessBase"]
[SourceDate "2018.10.10"]
[SourceVersion "1"]
[SourceVersionDate "2018.10.10"]
[SourceQuality "1"]

1. c4 c5 2. Nf3 e6 3. Nc3 d5 4. cxd5 exd5 5. d4 Nc6 6. g3 Nf6 7. Bg2 Be7 8. 0-0 0-0 9. dxc5 Bxc5 10. a3 h6 11. b4 Bb6 12. Bb2 Be6 13. Na4 Bc7 14. Nc5 b6 15. Nxe6 fxe6 16. Qc2 Ne7 17. Nd4 Qd7 18. Bh3 Nf5 19. Nxe6 Qxe6 20. Bxf5 Qe7 21. Rac1 Bd6 22. Qd2 Rad8 23. Rc6 Ne4 24. Qxd5+ 1-0

[Event "Crawley e2e4 Gatwick Challenger op 10"]
[Site "Crawley"]
[Date "2016.10.28"]
[Round "5"]
[White "Faulkner, Martin J"]
[Black "Dixit, Kumar"]
[Result "1-0"]
[WhiteElo "1836"]
[BlackElo "2012"]
[PlyCount "73"]
[EventDate "2016.10.26"]
[EventType "swiss"]
[EventRounds "9"]
[EventCountry "ENG"]
[SourceTitle "EXT 2019"]
[Source "ChessBase"]
[SourceDate "2018.10.10"]
[SourceVersion "1"]
[SourceVersionDate "2018.10.10"]
[SourceQuality "1"]

1. c4 c6 2. e4 d5 3. exd5 cxd5 4. cxd5 Nf6 5. Nf3 Nxd5 6. Nc3 Nc6 7. Bb5 e6 8. 0-0 Be7 9. d4 0-0 10. Re1 Qd6 11. a3 Rd8 12. Bg5 Bxg5 13. Nxg5 Nf6 14. Bxc6 bxc6 15. Qf3 Rb8 16. b4 Ba6 17. Nce4 Qe7 18. Qh3 h6 19. Nf3 Nxe4 20. Rxe4 Rd6 21. Rae1 Rbd8 22. Rg4 Qf6 23. Qg3 Bd3 24. Rf4 Bf5 25. h3 Qg6 26. Qh2 Bc2 27. Ne5 Qh5 28. Nxf7 Rxd4 29. g4 Qxf7 30. Rxf7 Kxf7 31. Qe5 Bb3 32. Rc1 Rd1+ 33. Rxd1 Rxd1+ 34. Kh2 Rd7 35. Qh5+ Kf8 36. g5 hxg5 37. Qf3+ 1-0

[Event "Crawley e2e4 Gatwick Challenger op 10"]
[Site "Crawley"]
[Date "2016.10.27"]
[Round "3"]
[White "Faulkner, Martin J"]
[Black "Prior, Stephen"]
[Result "0-1"]
[WhiteElo "1836"]
[BlackElo "2007"]
[PlyCount "166"]
[EventDate "2016.10.26"]
[EventType "swiss"]
[EventRounds "9"]
[EventCountry "ENG"]
[SourceTitle "EXT 2019"]
[Source "ChessBase"]
[SourceDate "2018.10.10"]
[SourceVersion "1"]
[SourceVersionDate "2018.10.10"]
[SourceQuality "1"]

1. c4 Nf6 2. Nc3 c6 3. e4 d5 4. exd5 cxd5 5. cxd5 Nxd5 6. Nf3 Nc6 7. Bb5 e6 8. 0-0 Be7 9. Re1 0-0 10. d4 a6 11. Bd3 Nxc3 12. bxc3 Bf6 13. Qe2 g6 14. Bh6 Bg7 15. Bxg7 Kxg7 16. Be4 Ne7 17. Rab1 Rb8 18. Ne5 Qc7 19. Qd2 Bd7 20. Re3 Bc6 21. Rh3 Ng8 22. Bd3 Rbd8 23. Qe3 Rd5 24. Qg3 Rxe5 25. dxe5 Rd8 26. Qh4 h6 27. Qf4 Qd7 28. Bf1 Qd2 29. Qxd2 Rxd2 30. Bc4 Ne7 31. Rd3 Rc2 32. Bb3 Re2 33. Re3 Rd2 34. Rd1 Rb2 35. Kf1 Nd5 36. Bxd5 Bxd5 37. a4 a5 38. Ree1 Rb3 39. f3 b5 40. axb5 Rxb5 41. Ra1 Bb3 42. Kf2 a4 43. Reb1 Rxe5 44. Re1 Rd5 45. Ke3 Kf6 46. Rec1 Rc5 47. Kd4 Rc4+ 48. Kd3 Ke5 49. Rcb1 Rc8 50. Rxb3 axb3 51. Rb1 Rb8 52. Rb2 Kd5 53. c4+ Kc5 54. Kc3 Rb4 55. Rxb3 Rxc4+ 56. Kd3 Rd4+ 57. Ke3 Rd7 58. Rc3+ Kd6 59. Rc4 e5 60. Rh4 h5 61. Ra4 Ke6 62. h3 f5 63. Ra6+ Rd6 64. Ra8 f4+ 65. Ke2 Rb6 66. Ra2 Kf5 67. Rd2 Rb5 68. Kf2 Kg5 69. Re2 Kh4 70. Rd2 g5 71. Re2 g4 72. hxg4 hxg4 73. fxg4 Kxg4 74. Ra2 e4 75. Rc2 e3+ 76. Ke2 Kg3 77. Kd3 Re5 78. Re2 Rd5+ 79. Kc3 Rd2 80. Re1 Kxg2 81. Ra1 f3 82. Ra8 Rd7 83. Rg8+ Kf2 0-1

[Event "Crawley e2e4 Gatwick Challenger op 10"]
[Site "Crawley"]
[Date "2016.10.26"]
[Round "1"]
[White "Grieve, Harry"]
[Black "Faulkner, Martin J"]
[Result "1-0"]
[WhiteElo "2110"]
[BlackElo "1836"]
[PlyCount "99"]
[EventDate "2016.10.26"]
[EventType "swiss"]
[EventRounds "9"]
[EventCountry "ENG"]
[SourceTitle "EXT 2019"]
[Source "ChessBase"]
[SourceDate "2018.10.10"]
[SourceVersion "1"]
[SourceVersionDate "2018.10.10"]
[SourceQuality "1"]

1. d4 Nf6 2. Bg5 e6 3. e4 h6 4. Bxf6 Qxf6 5. c3 d5 6. Nd2 Nd7 7. Ngf3 Qd8 8. Bd3 Be7 9. 0-0 0-0 10. Re1 dxe4 11. Nxe4 Nf6 12. Qe2 Bd7 13. Ne5 Be8 14. Nxf6+ Bxf6 15. Qe4 g6 16. Qxb7 Qb8 17. Qxb8 Rxb8 18. b4 Ba4 19. b5 Bxe5 20. Rxe5 c6 21. bxc6 Bxc6 22. Rb1 Rxb1+ 23. Bxb1 Rb8 24. Bd3 Rb2 25. Re2 Rb8 26. Re1 Rb2 27. Re2 Rb8 28. f4 Kf8 29. Kf2 Ke7 30. Ke3 Kd6 31. g3 a5 32. c4 Rb4 33. Kd2 Kd7 34. Kc3 Ra4 35. Kb3 Rb4+ 36. Kc3 Ra4 37. Rb2 Ra3+ 38. Kd2 Kc7 39. g4 Kd6 40. f5 g5 41. Ke3 exf5 42. gxf5 Kc7 43. d5 Bd7 44. Kd4 h5 45. f6 g4 46. c5 h4 47. d6+ Kd8 48. Rb8+ Bc8 49. Bf5 Ra4+ 50. Kd5 1-0

[Event "Crawley e2e4 Gatwick op U2050"]
[Site "Crawley"]
[Date "2016.05.30"]
[Round "6"]
[White "Dydak, Mateusz"]
[Black "Faulkner, Martin J"]
[Result "1-0"]
[WhiteElo "1897"]
[BlackElo "1828"]
[PlyCount "63"]
[EventDate "2016.05.27"]
[EventType "swiss"]
[EventRounds "7"]
[EventCountry "ENG"]
[SourceTitle "EXT 2019"]
[Source "ChessBase"]
[SourceDate "2018.10.10"]
[SourceVersion "1"]
[SourceVersionDate "2018.10.10"]
[SourceQuality "1"]

1. e4 c5 2. Nf3 e6 3. c3 Nf6 4. e5 Nd5 5. d4 cxd4 6. cxd4 d6 7. Be2 Nc6 8. exd6 Bxd6 9. 0-0 0-0 10. Re1 a6 11. Nc3 Nxc3 12. bxc3 Qa5 13. Bd2 Bd7 14. Qb3 Qc7 15. c4 Rfd8 16. Rac1 Rac8 17. Be3 Qb8 18. g3 Ne7 19. Ng5 Bc6 20. Bh5 Ng6 21. Bg4 b5 22. d5 exd5 23. cxb5 axb5 24. Nxf7 Ba8 25. Rxc8 Rxc8 26. Nxd6 Ne5 27. Nxc8 Nxg4 28. Ne7+ Kh8 29. Bd4 Qf8 30. Qc3 Bb7 31. Nf5 Nf6 32. Qc7 1-0

[Event "Crawley e2e4 Gatwick op U2050"]
[Site "Crawley"]
[Date "2016.05.29"]
[Round "4"]
[White "Desai, Nilomi"]
[Black "Faulkner, Martin J"]
[Result "0-1"]
[WhiteElo "1508"]
[BlackElo "1828"]
[PlyCount "116"]
[EventDate "2016.05.27"]
[EventType "swiss"]
[EventRounds "7"]
[EventCountry "ENG"]
[SourceTitle "EXT 2019"]
[Source "ChessBase"]
[SourceDate "2018.10.10"]
[SourceVersion "1"]
[SourceVersionDate "2018.10.10"]
[SourceQuality "1"]

1. d4 Nf6 2. c4 e6 3. Nf3 b6 4. g3 Ba6 5. Qc2 c5 6. Bg2 Bb7 7. e3 Nc6 8. 0-0 Be7 9. Nbd2 0-0 10. b3 Rc8 11. Bb2 cxd4 12. exd4 d5 13. Qd3 Ba6 14. Qe3 Re8 15. Rac1 h6 16. Rfd1 Nd7 17. a3 Bf6 18. Ne5 Ndxe5 19. dxe5 d4 20. Bxd4 Bg5 21. f4 Qxd4 22. Qxd4 Nxd4 23. fxg5 Ne2+ 24. Kf2 Nxc1 25. Rxc1 hxg5 26. Ne4 Rcd8 27. Nxg5 Rd2+ 28. Kf1 Red8 29. Nf3 Ra2 30. a4 Rd3 31. Rb1 Bb7 32. Ne1 Bxg2+ 33. Nxg2 Rdd2 34. Nf4 Rxh2 35. Kg1 g5 36. Nd3 Rag2+ 37. Kf1 Rxg3 38. Nf2 Rgg2 39. Rb2 g4 40. Nxg4 Rxb2 41. Nxh2 Rxh2 42. b4 Rh4 43. c5 bxc5 44. bxc5 Rxa4 45. c6 Rc4 46. Ke2 Rxc6 47. Kd3 a5 48. Kd4 a4 49. Ke4 a3 50. Kf4 a2 51. Kg5 a1Q 52. Kf6 Rc7 53. Kg5 Qxe5+ 54. Kg4 Rc4+ 55. Kf3 Qe4+ 56. Kg3 Qe3+ 57. Kg2 Rc2+ 58. Kf1 Qc1# 0-1

[Event "Crawley e2e4 Gatwick op U2050"]
[Site "Crawley"]
[Date "2016.05.29"]
[Round "5"]
[White "Faulkner, Martin J"]
[Black "Goodfellow, Russell Robert"]
[Result "0-1"]
[WhiteElo "1828"]
[BlackElo "1909"]
[PlyCount "122"]
[EventDate "2016.05.27"]
[EventType "swiss"]
[EventRounds "7"]
[EventCountry "ENG"]
[SourceTitle "EXT 2019"]
[Source "ChessBase"]
[SourceDate "2018.10.10"]
[SourceVersion "1"]
[SourceVersionDate "2018.10.10"]
[SourceQuality "1"]

1. c4 e5 2. Nc3 Nf6 3. Nf3 Nc6 4. a3 d5 5. cxd5 Nxd5 6. Qc2 Be6 7. b4 a6 8. e3 f6 9. Bb2 Nxc3 10. dxc3 Qd7 11. Bd3 g6 12. 0-0 Qf7 13. c4 Rd8 14. Rac1 Be7 15. b5 Nb8 16. Nd2 0-0 17. Be4 b6 18. Bb7 a5 19. e4 Nd7 20. Bd5 Nc5 21. f4 Bxd5 22. cxd5 exf4 23. Rxf4 Qe8 24. a4 Qd7 25. Qc4 Qd6 26. Rcf1 Nd7 27. Qe2 Qb4 28. Nf3 Qxa4 29. g3 Bd6 30. e5 Bc5+ 31. Kh1 Qa2 32. e6 Ne5 33. Nxe5 fxe5 34. Qxe5 Qxd5+ 35. Qxd5 Rxd5 36. Rf7 Rxf7 37. exf7+ Kf8 38. Bc1 Rf5 39. Rd1 Bd6 40. Re1 Kxf7 41. g4 Rf2 42. Be3 Rxh2+ 43. Kg1 Rh4 44. g5 Rg4+ 45. Kf1 Bf4 46. Bd4 Rxg5 47. Rb1 h5 48. Kf2 h4 49. Kf3 Bd6 50. Rd1 Ke6 51. Bf2 Bg3 52. Be3 Rxb5 53. Bh6 g5 54. Rd3 a4 55. Re3+ Kf5 56. Kg2 Rb2+ 57. Kh1 Bf4 58. Ra3 b5 59. Bg7 Rb3 60. Ra2 h3 61. Rc2 Rb1+ 0-1